Sports Quiz

Random Sports or NBA Quiz

Odd One Out - Sports Quiz Stats

 Plays Quiz Updated Aug 17, 2019

Score 0/10 Timer 05:00
0 Plays Today
Question Answer Wrong Answers
Which of these is not an NHL team (Atlantic Division)? No NHL team named Trainers/Sneakers
77.5%
Tampa Bay LIGHTNING
4.1%
Buffalo SABRES
5.1%
Ottawa SENATORS
12.7%
Which of these is not a golf term? Axe is not a golf term
76.2%
Eagle
1.6%
Iron
4.6%
(Cuff)Links
16%
Which of these is not a gymnastics event? Ice cream cone is not a gymnastics event
75.5%
Floor
3.1%
Horizontal bar (graph); or parallel bars
5.8%
Vault
6.7%
Which of these is not a sports event contested in the most recent Summer or Winter Olympics? Nestle is not an Olympic sport
61.2%
Curling
6.5%
Fencing
3.9%
Golf
27.1%
Which of these is not a founder club of the Premier League? Pipe(s) is not a Premier League club
49.9%
Arsenal
12.6%
Chelsea (Clinton)
18.2%
Aston VILLA
12.5%
Which of these is not a Sports Illustrated Sportsperson of the Year? Tulip is not a Sportsperson of the Year
46.1%
Lance ARMSTRONG (Louis Armstrong)
15.4%
Michael JORDAN
24.1%
Tiger WOODS
11.1%
Which of these is not a WWE (WWF) champion? Taco is not WWE champion
44%
Kurt ANGLE
17.3%
Chris JERICHO
13.9%
Shawn MICHAELS
16.4%
Which of these is not a sport that is currently excluded from the Olympics (as of the most recent Summer or Winter Olympics)? Aretha Franklin is not a non-Olympic sport
40.8%
Cricket
20.8%
(Marco) Polo
12.3%
Squash
18.3%
Which of these is not an MLB mascot? No MLB mascot named Link
36.6%
Ace (Toronto Blue Jays)
23.7%
Orbit (Houston Astros)
15.6%
Southpaw (Chicago White Sox)
19.3%
Which of these is not one of the 50 Greatest Players in NBA History (according to a 1996 poll)? No all-time greatest player named Green
27%
Dave BING (Chandler Bing)
32.7%
Larry BIRD
13.9%
Shaquille O'NEAL (Tatum O'Neal)
17.1%

You're not logged in!

Compare scores with friends on all Sporcle quizzes.
OR
Log In

Sporcle TV

Today on Sporcle TV


Watch our educational content, quiz creation guides, and fun videos on Sporcle TV.

Show Comments

Extras

Top Quizzes Today


Score Distribution

Your Account Isn't Verified!

In order to create a playlist on Sporcle, you need to verify the email address you used during registration. Go to your Sporcle Settings to finish the process.

Report this User

Report this user for behavior that violates our Community Guidelines.

Details: